Textil a chémia : informačný bulletin Výskumného ústavu textilnej chémie a Domu techniky SVTS v Žiline
Gespeichert in:
| Späterer Titel: | Vlákna a textil |
|---|---|
| Format: | Schriftenreihe |
| Sprache: | Slowakisch |
| Veröffentlicht: |
Žilina :
Výskumný ústav textilnej chémie,
1971-1993
|
| Schlagworte: | |
| ISSN: | 0139-7656, 1335-0617 |
| Online-Zugang: |
|
| Tags: |
Tag hinzufügen
Keine Tags, Fügen Sie den ersten Tag hinzu!
|
MARC
| LEADER | 00000nas a2200000 4500 | ||
|---|---|---|---|
| 003 | SK-BrCVT | ||
| 005 | 20240626130925.0 | ||
| 008 | 060515d19711993xo e b slo | ||
| 022 | |a 0139-7656 | ||
| 035 | |a CVTIDW1246596 | ||
| 040 | |b slo |c scidap |a BA002 |e AACR2 |d CVT | ||
| 041 | 0 | |a slo | |
| 044 | |a xo | ||
| 080 | |a 677(05) |2 UDC-MRF | ||
| 080 | |a 66.0(05) |2 UDC-MRF | ||
| 245 | 1 | 0 | |a Textil a chémia : |b informačný bulletin Výskumného ústavu textilnej chémie a Domu techniky SVTS v Žiline |
| 260 | |a Žilina : |b Výskumný ústav textilnej chémie, |c 1971-1993 | ||
| 310 | |a Štvrťročník |b 1976- | ||
| 500 | |a Vo fonde od roku:1973 | ||
| 500 | |a R. 1986 vyradený pre núplnosť. V r. 1990 a 1991 nedochádzal.; Od r. 1994 zanikol. | ||
| 653 | 1 | |a textilný priemysel |a textilná chémia |a textil | |
| 655 | 4 | |a časopisy |9 34804 | |
| 785 | 0 | 0 | |w 1246604 |t Vlákna a textil |x 1335-0617 |
| 910 | |b C5509 | ||
| 942 | |2 udc |c 15 | ||
| 999 | |c 153217 |d 153217 | ||
| 974 | |b Soňa Beutelhauserová | ||